| 000 | 00620nam a22001697a 4500 | ||
|---|---|---|---|
| 020 | _qHard Cover. | ||
| 082 | _a200 | ||
| 100 | _aBahram Khan. | ||
| 245 |
_aInfluence of Carboxylic Acids on Mechanical Properties of Thermoplastic Starch by Spray Drying / _cBahram Khan. |
||
| 260 |
_aIslamabad : _bSCME - NUST, _c2015. |
||
| 300 |
_axv, 64 p. : ill. ; _c30cm. |
||
| 650 |
_aMS-Chemical Engineering _9129140 |
||
| 700 |
_aSipervisor: Dr. Muhammad Bilal Khan Niazi. _9129504 |
||
| 856 | _uhttp://10.250.8.41:8080/xmlui/handle/123456789/21684 | ||
| 942 |
_2ddc _cSC |
||
| 999 |
_c534479 _d534479 |
||